| 000 | 01059 a2200181 4500 | ||
|---|---|---|---|
| 003 | Nust | ||
| 005 | 20221107123828.0 | ||
| 020 | _a8129703890 | ||
| 040 | _cNust | ||
| 082 | _a510,SHA | ||
| 100 |
_aSharma,J.K _9102409 |
||
| 245 |
_aThe Pearson Guide to Objective Mathematics _bFor Engineering Entrance Examination / _cJ.K.Sharma, Dinesh Khattar & Anita Khattar |
||
| 260 |
_aPearson Education _bNew Delhi _c2004 |
||
| 300 | _aix, 1252 p | ||
| 505 | _aFunctions (Page-1), Limits (Page-45), Continuity and diffferentiability (Page-79), Differentiation (Page-112), Differential equations (Page-322), Cirvles (Page-406), Permutations and Combinations (Page-680), Matrices (Page-755), Determinants (Page-779), Trigonometric rations and identities (Page-811), Trigonometric Euations (Page-847), Probability (Page-919), Statistics (Page-963), Vectors (Page-982), Dynamics (Page-1091), Set theory (Page-1118), Numerical Methods (Page-1133), Hypernolic Functions (Page-1151). | ||
| 650 |
_aEngineering Entrance Examination _9102319 |
||
| 942 |
_2ddc _cBK _k510,SHA |
||
| 999 |
_c217991 _d217991 |
||